00663 2200217 4500001002100000005001700021008004100038020001800079035002400097040001200121090001700133100001500150245011600165250001800281260004400299300002300343504003100366650001500397850001200412990002100424YOGYA-0209000002191920090227023605.0 ind  a979-8109-03-1 0010-020900000021919 aYOPDYOG a328.2bKod R aKODHI, S.A aReferendum dalam negara demokrasi pancasilabsuatu tinjauan kefilsafatan dan yuridis konstitusionalcS.A. Kodhi aEd. 1, cet. 1 aYogyakartabUniversitas Atma Jayac1989 avi, 175 hlmc21 cm aBibliografi : hlm. 173-176 aReferendum aYOPDYOG a15614-PD/A.06b1